| 000 | 01524cam a2200337 4500 | ||
|---|---|---|---|
| 001 | sa 68012364 | ||
| 003 | DLC | ||
| 005 | 20260227112609.0 | ||
| 008 | 751120m19559999ii bc 000 0 eng | ||
| 010 | _asa 68012364 | ||
| 025 | _aPL480:I-E-7509 | ||
| 040 |
_aDLC _cDLC _dDLC |
||
| 043 | _aa-ii--- | ||
| 050 | 0 | 0 |
_aZ5360 _b.I53 1955 |
| 082 | 0 | 0 | _a016.58 |
| 110 | 2 |
_aIndian Museum. _bIndustrial Section. _bLibrary. |
|
| 245 | 1 | 0 |
_aAuthor catalogue of the books in the library of the Industrial Section, Indian Museum, Calcutta. _cCompiled by K. S. Srinivasan, curator, and A. C. Roy. |
| 260 |
_aDelhi, _bManager of Publications, _c1955- |
||
| 300 |
_av. _c20-22 cm. |
||
| 500 | _aAt head of title: v. 1, Botanical Survey of India. | ||
| 500 | _aVol. 2 compiled by K. S. Srinivasan, Curator, and A. R. Das; with imprint: Botanical Survey of India, Calcutta. | ||
| 500 | _aVol. 2, issued as no. 4 in the union series of catalogues published under title: Catalogue of the collections in the libraries of the Botanical Survey of India. | ||
| 650 | 0 |
_aBotany _vBibliography _vCatalogs. |
|
| 610 | 2 | 0 |
_aIndian Museum. _bIndustrial Section. _bLibrary. |
| 650 | 0 |
_aBotany _zIndia _vBibliography _vCatalogs. |
|
| 650 | 0 |
_aAgriculture _vBibliography _vCatalogs. |
|
| 710 | 2 |
_aBotanical Survey of India. _tCatalogue of the collections in the libraries of the Botanical Survey of India, no. 4, April 1962. |
|
| 710 | 2 | _aBotanical Survey of India. | |
| 700 | 1 |
_aSrinivasan, K. S., _d1912- _ecomp. |
|
| 700 | 1 |
_aRoy, A. C., _ecomp. |
|
| 999 |
_c84486 _d84486 |
||